|
|
|
|
| LEADER |
02234cam a2200325 i 4500 |
| 001 |
GR-MES16032 |
| 005 |
20211007131605.0 |
| 008 |
e50513s2009 gr g{u0395} 1 gre d |
| 952 |
|
|
|0 0
|1 0
|2 ddc
|4 0
|6 657_094950000000000_ΕΛΛ
|7 0
|9 273878
|a MSLG
|b MSLG
|c EUD
|d 2021-01-17
|e 24
|f 0
|g 0.00
|i 26251
|l 0
|o 657.09495 ΕΛΛ
|p 2420000026251
|r 2021-01-17 00:00:00
|t 1
|v 2021.00
|w 2021-01-17
|y BK15
|x 20131203 0 ΧΑΣΑΝΗ 0
|x GrPaTEI
|
| 952 |
|
|
|0 0
|1 0
|2 ddc
|4 0
|6 657_094950000000000_ΕΛΛ
|7 0
|9 329234
|a MSLG
|b MSLG
|c EUD
|d 2021-10-07
|i 26250
|l 0
|o 657.09495 ΕΛΛ
|p 992420000026250
|r 2021-10-07 00:00:00
|t 2
|w 2021-10-07
|y BK15
|
| 999 |
|
|
|c 158542
|d 158542
|
| 020 |
|
|
|a 9789602727880
|
| 020 |
|
|
|a 9789602724873
|q (σετ)
|
| 040 |
|
|
|a GrPaTEI
|b gre
|c GR-PaULI
|
| 040 |
|
|
|a GrPaTEI
|b gre
|c GR-PaULI
|e AACR2
|
| 082 |
|
0 |
|a 657.09495
|2 23
|
| 245 |
0 |
0 |
|a Ελληνικό γενικό λογιστικό σχέδιο 2009 /
|c επιμέλεια Νίκος Σγουρινάκης, Βαγγέλης Μιχελινάκης.
|
| 250 |
|
|
|a 2η έκδ., εμπλουτισμένη.
|
| 260 |
|
|
|a Αθήνα
|b Νομική Βιβλιοθήκη
|c 2009
|
| 300 |
2 |
|
|a 503 σ. :
|b πιν. ;
|c 20 εκ.
|
| 490 |
0 |
|
|a Λογιστική πρακτική
|
| 490 |
0 |
|
|a Οικονομική βιβλιοθήκη
|
| 500 |
|
|
|a Περιέχει ευρετήριο
|
| 505 |
2 |
|
|a Αναλυτική παρουσίαση του σχεδίου λογαριασμών - Θέματα εφαρμογής γενικού λογιστικού σχεδίου - Σχόλια και διευκρινίσεις κατά λογαριασμούς - Αναφορά στις γνωματεύσεις ΕΣΥΛ - Γενικές αρχές λογιστικής (Λογιστικό κύκλωμα - Αποσβέσεις παγίων - Επισφαλείς απαιτήσεις)
|
| 650 |
|
4 |
|a Δημόσια οικονομική
|9 17647
|z Ελλάδα
|
| 650 |
|
4 |
|a Δημόσια οικονομική
|9 187873
|x Λογιστική
|x Δίκαιο και νομοθεσία
|z Ελλάδα
|
| 700 |
1 |
|
|a Σγουρινάκης, Νίκος
|9 187859
|e Επιμελητής.
|
| 700 |
1 |
|
|a Μιχελινάκης, Βαγγέλης
|9 187874
|e Επιμελητής.
|
| 942 |
|
|
|2 ddc
|c BK15
|
| 998 |
|
|
|c ΑΔΑΜΟΠΟΥΛΟΥ
|d 2021-10
|